[Event "ISR-chT 0809"]
[Site "Israel"]
[Date "2009.05.22"]
[Round "11"]
[White "Gofshtein, Leonid D"]
[Black "Karpman, Vadim"]
[Result "1-0"]
[WhiteElo "2546"]
[BlackElo "2382"]
[PlyCount "63"]
[EventDate "2008.12.12"]
[EventType "team-tourn"]
[EventRounds "11"]
[EventCountry "ISR"]
[SourceTitle "EXT 2010"]
[Source "ChessBase"]
[SourceDate "2010.11.25"]
[SourceVersion "1"]
[SourceVersionDate "2010.11.25"]
[SourceQuality "1"]

1. e4 c5 2. Nf3 d6 3. d4 cxd4 4. Nxd4 Nf6 5. Nc3 Nc6 6. Bg5 e6 7. Qd2 Be7 8. 0-0-0 0-0 9. Nb3 Qb6 10. f3 Rd8 11. Qe1 a6 12. Be3 Qc7 13. g4 b5 14. g5 Nd7 15. Kb1 Nb6 16. Bd3 Rb8 17. h4 Na4 18. f4 d5 19. exd5 Nb4 20. Bd4 Nxc3+ 21. Bxc3 Nxd5 22. Ba5 Nb6 23. Qe4 g6 24. Qe3 Qd6 25. Qf2 Bf8 26. h5 Rd7 27. Bc3 Nd5 28. Be5 Qb6 29. Qh2 Ne3 30. hxg6 fxg6 31. Bd4 Ng4 32. Qh4 1-0

[Event "ISR-chT 08"]
[Site "Israel"]
[Date "2008.05.30"]
[Round "11.3"]
[White "Karpman, Vadim"]
[Black "Gershon, Alik"]
[Result "1/2-1/2"]
[WhiteElo "2389"]
[BlackElo "2497"]
[PlyCount "32"]
[EventDate "2007.12.26"]
[EventType "team-tourn"]
[EventRounds "11"]
[EventCountry "ISR"]
[SourceTitle "EXT 2009"]
[Source "ChessBase"]
[SourceDate "2008.11.26"]
[SourceVersion "1"]
[SourceVersionDate "2008.11.26"]
[SourceQuality "1"]
[WhiteTeam "Holon Hapoel"]
[BlackTeam "Kefar Sava Hapoel"]
[WhiteTeamCountry "ISR"]
[BlackTeamCountry "ISR"]

1. d4 Nf6 2. c4 e6 3. Nc3 Bb4 4. Bg5 h6 5. Bh4 g5 6. Bg3 Ne4 7. Qc2 f5 8. e3 d6 9. Bd3 Bxc3+ 10. bxc3 Nxg3 11. hxg3 Qf6 12. e4 f4 13. gxf4 gxf4 14. e5 dxe5 15. Bg6+ Ke7 16. Nf3 exd4 1/2-1/2

[Event "ISR-chT 08"]
[Site "Israel"]
[Date "2008.05.16"]
[Round "8.3"]
[White "Nabaty, Tamir"]
[Black "Karpman, Vadim"]
[Result "1/2-1/2"]
[WhiteElo "2417"]
[BlackElo "2389"]
[PlyCount "79"]
[EventDate "2007.12.26"]
[EventType "team-tourn"]
[EventRounds "11"]
[EventCountry "ISR"]
[SourceTitle "EXT 2009"]
[Source "ChessBase"]
[SourceDate "2008.11.26"]
[SourceVersion "1"]
[SourceVersionDate "2008.11.26"]
[SourceQuality "1"]
[WhiteTeam "Beer Sheva II"]
[BlackTeam "Holon Hapoel"]
[WhiteTeamCountry "ISR"]
[BlackTeamCountry "ISR"]

1. e4 c5 2. Nf3 d6 3. d4 cxd4 4. Nxd4 Nf6 5. Nc3 Nc6 6. Bg5 e6 7. Qd2 Be7 8. 0-0-0 0-0 9. f3 Nxd4 10. Qxd4 Qa5 11. h4 a6 12. Kb1 b5 13. g4 b4 14. Ne2 e5 15. Qd2 Be6 16. Nc1 Rfd8 17. Bxf6 Bxf6 18. g5 Be7 19. Bh3 Qb5 20. Bxe6 fxe6 21. Nd3 a5 22. f4 exf4 23. Qxf4 Qc4 24. Qg4 e5 25. Rhf1 Qc8 26. Qg2 Qe6 27. Nf2 Rf8 28. Ng4 Rf4 29. Nf6+ Bxf6 30. Rxf4 exf4 31. e5 Re8 32. gxf6 g6 33. Qc6 d5 34. Qc7 Qf7 35. Qxa5 Rxe5 36. Qd8+ Re8 37. Qd6 Re4 38. Qd8+ Re8 39. Qd6 Re4 40. Qd8+ 1/2-1/2

[Event "Petah Tikva Elitzur-A"]
[Site "Petah Tikva"]
[Date "2007.08.??"]
[Round "4"]
[White "Karpman, Vadim"]
[Black "Shutzman, Joseph"]
[Result "1/2-1/2"]
[WhiteElo "2389"]
[BlackElo "2288"]
[PlyCount "33"]
[EventDate "2007.08.??"]
[EventType "tourn"]
[EventRounds "9"]
[EventCountry "ISR"]
[EventCategory "5"]
[SourceTitle "EXT 2009"]
[Source "ChessBase"]
[SourceDate "2008.11.26"]
[SourceVersion "1"]
[SourceVersionDate "2008.11.26"]
[SourceQuality "1"]

1. d4 Nf6 2. c4 g6 3. Nc3 Bg7 4. e4 d6 5. f4 0-0 6. Nf3 c5 7. d5 e6 8. dxe6 fxe6 9. Bd3 Nc6 10. 0-0 Nd4 11. Ng5 e5 12. f5 h6 13. Nh3 gxf5 14. exf5 b5 15. b3 bxc4 16. bxc4 Bb7 17. Nf2 1/2-1/2

[Event "ISR-chT"]
[Site "Israel"]
[Date "2003.03.15"]
[Round "6"]
[White "Karpman, Vadim"]
[Black "Kantsler, Boris"]
[Result "1/2-1/2"]
[WhiteElo "2376"]
[BlackElo "2491"]
[PlyCount "30"]
[EventDate "2003.01.??"]
[EventType "team"]
[EventRounds "11"]
[EventCountry "ISR"]
[SourceTitle "EXT 2004"]
[Source "ChessBase"]
[SourceDate "2003.11.25"]
[SourceVersion "1"]
[SourceVersionDate "2003.11.25"]
[SourceQuality "1"]

1. d4 d6 2. c4 e5 3. Nc3 exd4 4. Qxd4 Nc6 5. Qd2 Nf6 6. b3 Be6 7. e4 a5 8. Bd3 a4 9. Rb1 axb3 10. axb3 g6 11. Nge2 Bg7 12. 0-0 0-0 13. f4 Bg4 14. Ng3 h5 15. h3 Bd7 1/2-1/2

[Event "ISR-chT"]
[Site "Israel"]
[Date "2002.04.12"]
[Round "8"]
[White "Kaminik, Aleksandar"]
[Black "Karpman, Vadim"]
[Result "0-1"]
[WhiteElo "2232"]
[BlackElo "2371"]
[PlyCount "68"]
[EventDate "2002.01.10"]
[EventType "team"]
[EventRounds "11"]
[EventCountry "ISR"]
[SourceTitle "EXT 2003"]
[Source "ChessBase"]
[SourceDate "2002.11.25"]
[SourceVersion "1"]
[SourceVersionDate "2002.11.25"]
[SourceQuality "1"]

1. d4 d5 2. c4 dxc4 3. Nf3 Nf6 4. e3 e6 5. Bxc4 c5 6. 0-0 a6 7. a4 Nc6 8. Qe2 cxd4 9. Rd1 Be7 10. exd4 0-0 11. Nc3 Nb4 12. Bg5 Nfd5 13. Bxe7 Nxe7 14. Ne5 Qb6 15. Ra3 Nec6 16. Ne4 f6 17. Nxc6 Qxc6 18. Nc5 Nd5 19. a5 Bd7 20. Qe4 Rad8 21. Rg3 Bc8 22. h4 Kh8 23. h5 h6 24. Re1 Qc7 25. Bxd5 Rxd5 26. Nxe6 Bxe6 27. Qxe6 Qxa5 28. Rc1 Rxd4 29. Qe7 Rg8 30. Rc7 Qxh5 31. Rh3 Qd1+ 32. Kh2 Qd2 33. Rxb7 Qf4+ 34. Rg3 Qxf2 0-1

[Event "ISR-chT"]
[Site "Israel"]
[Date "2002.03.15"]
[Round "7"]
[White "Postny, Evgeny"]
[Black "Karpman, Vadim"]
[Result "1/2-1/2"]
[WhiteElo "2491"]
[BlackElo "2371"]
[PlyCount "35"]
[EventDate "2002.01.10"]
[EventType "team"]
[EventRounds "11"]
[EventCountry "ISR"]
[SourceTitle "EXT 2003"]
[Source "ChessBase"]
[SourceDate "2002.11.25"]
[SourceVersion "1"]
[SourceVersionDate "2002.11.25"]
[SourceQuality "1"]

1. d4 d5 2. c4 dxc4 3. e4 e5 4. Nf3 exd4 5. Bxc4 Bb4+ 6. Nbd2 Nc6 7. 0-0 Bxd2 8. Bxd2 Nge7 9. b4 Ng6 10. Bd5 0-0 11. b5 Nce7 12. Bb4 Nxd5 13. exd5 Re8 14. Qxd4 Bf5 15. Bc3 f6 16. Rfe1 Qd7 17. Qc4 Kh8 18. Rac1 1/2-1/2

[Event "ISR-chT"]
[Site "Israel"]
[Date "2002.02.02"]
[Round "4"]
[White "Karpman, Vadim"]
[Black "Greenfeld, Alon"]
[Result "0-1"]
[WhiteElo "2371"]
[BlackElo "2574"]
[PlyCount "64"]
[EventDate "2002.01.10"]
[EventType "team"]
[EventRounds "11"]
[EventCountry "ISR"]
[SourceTitle "EXT 2003"]
[Source "ChessBase"]
[SourceDate "2002.11.25"]
[SourceVersion "1"]
[SourceVersionDate "2002.11.25"]
[SourceQuality "1"]

1. e4 c5 2. Nf3 Nc6 3. d4 cxd4 4. Nxd4 Nf6 5. Nc3 d6 6. Bc4 e6 7. Be3 Be7 8. Qe2 Bd7 9. 0-0-0 Rc8 10. f4 Na5 11. Bd3 e5 12. Nf3 Rxc3 13. bxc3 Qc7 14. fxe5 dxe5 15. Bb5 0-0 16. Bxd7 Ba3+ 17. Kd2 Nxe4+ 18. Ke1 Nxc3 19. Qd3 e4 20. Bf4 Qb6 21. Qxc3 Bb4 22. Qxb4 Qxb4+ 23. c3 Qxc3+ 24. Bd2 Qc5 25. Rc1 Qe7 26. Ng1 Qxd7 27. Bxa5 Rc8 28. Bc3 e3 29. Nf3 Qd3 30. Ne5 Qd5 31. Rf1 Rxc3 32. Rd1 Rc1 0-1

[Event "Rishon Le Ziyyon 9798"]
[Site "Rishon Le Ziyyon"]
[Date "1997.12.29"]
[Round "5"]
[White "Zaichik, Gennadi"]
[Black "Karpman, Vadim"]
[Result "1-0"]
[WhiteElo "2540"]
[BlackElo "2365"]
[PlyCount "72"]
[EventDate "1997.12.25"]
[EventType "swiss"]
[EventRounds "9"]
[EventCountry "ISR"]
[SourceTitle "CBM 062 Extra"]
[Source "ChessBase"]
[SourceDate "1998.03.09"]
[SourceVersion "1"]
[SourceVersionDate "1998.03.09"]
[SourceQuality "1"]

1. Nf3 d5 2. g3 c6 3. Bg2 Bg4 4. d3 Nd7 5. Nbd2 e6 6. 0-0 Bd6 7. b3 Ne7 8. Bb2 0-0 9. h3 Bh5 10. Qe1 e5 11. e4 f6 12. d4 Qb8 13. c4 Bf7 14. exd5 cxd5 15. dxe5 Nxe5 16. Nxe5 Bxe5 17. Bxe5 Qxe5 18. Qxe5 fxe5 19. Rfe1 Ng6 20. h4 Rfe8 21. h5 Nf8 22. cxd5 Rad8 23. Nc4 Bxd5 24. Rad1 Bxg2 25. Rxd8 Rxd8 26. Kxg2 b5 27. Nxe5 Rd2 28. Rc1 Rxa2 29. Rc8 Rd2 30. Ra8 a6 31. b4 Rd6 32. f4 g6 33. h6 a5 34. bxa5 b4 35. a6 b3 36. a7 Ra6 1-0

[Event "Rishon Le Ziyyon 9798"]
[Site "Rishon Le Ziyyon"]
[Date "1997.12.26"]
[Round "2"]
[White "Mikhalevski, Alexander"]
[Black "Karpman, Vadim"]
[Result "1-0"]
[WhiteElo "2470"]
[BlackElo "2365"]
[PlyCount "89"]
[EventDate "1997.12.25"]
[EventType "swiss"]
[EventRounds "9"]
[EventCountry "ISR"]
[SourceTitle "CBM 062 Extra"]
[Source "ChessBase"]
[SourceDate "1998.03.09"]
[SourceVersion "1"]
[SourceVersionDate "1998.03.09"]
[SourceQuality "1"]

1. d4 d5 2. c4 e6 3. Nf3 Nf6 4. g3 dxc4 5. Bg2 a6 6. 0-0 Nc6 7. e3 Rb8 8. Nfd2 Nb4 9. Nxc4 c5 10. a3 Nc6 11. dxc5 Bxc5 12. Qxd8+ Kxd8 13. b4 Ba7 14. Bxc6 bxc6 15. Ne5 Rb7 16. Nxc6+ Kd7 17. Nxa7 Rxa7 18. Nc3 Bb7 19. f3 a5 20. b5 a4 21. e4 Rc8 22. Be3 Raa8 23. Rac1 Ke7 24. Na2 Nd7 25. Bd4 g6 26. Bc3 f5 27. Bb4+ Ke8 28. Nc3 Ne5 29. Rcd1 Rc7 30. Kf2 Rac8 31. Nxa4 fxe4 32. fxe4 Bxe4 33. Ke3 Bf5 34. h3 Rc4 35. Rd4 Rc2 36. g4 Nc4+ 37. Rxc4 R8xc4 38. gxf5 gxf5 39. Kd3 Rc8 40. b6 Rh2 41. Rf3 Kd7 42. b7 Rd8 43. Ba5 Re8 44. Kc4 Kc6 45. Rb3 1-0

[Event "Tel Aviv Cup rapid"]
[Site "Tel Aviv"]
[Date "1996.??.??"]
[Round "2"]
[White "Rechlis, Gad"]
[Black "Karpman, Vadim"]
[Result "1-0"]
[WhiteElo "2510"]
[BlackElo "2380"]
[PlyCount "38"]
[EventDate "1996.??.??"]
[EventType "k.o. (rapid)"]
[EventRounds "6"]
[EventCountry "ISR"]
[SourceTitle "CBM 052 Extra"]
[Source "ChessBase"]
[SourceDate "1996.07.01"]
[SourceVersion "1"]
[SourceVersionDate "1996.07.01"]
[SourceQuality "1"]

1. d4 Nf6 2. c4 e6 3. Nc3 Bb4 4. e3 c5 5. Nge2 cxd4 6. exd4 d5 7. c5 Ne4 8. Bd2 Nxd2 9. Qxd2 a5 10. a3 Bxc3 11. Nxc3 a4 12. Bd3 b6 13. 0-0 bxc5 14. dxc5 Bd7 15. Rfe1 0-0 16. Re3 g6 17. Bc2 Re8 18. Rae1 Bc6 19. Qd1 Qa5 1-0

[Event "Czerniak Memorial 11th"]
[Site "Tel Aviv"]
[Date "1995.??.??"]
[Round "1"]
[White "Ilfeld, Etan"]
[Black "Karpman, Vadim"]
[Result "0-1"]
[WhiteElo "2195"]
[BlackElo "2385"]
[PlyCount "74"]
[EventDate "1995.??.??"]
[EventType "tourn"]
[EventRounds "11"]
[EventCountry "ISR"]
[EventCategory "4"]
[SourceTitle "EXT 1997"]
[Source "ChessBase"]
[SourceDate "1996.11.15"]
[SourceVersion "1"]
[SourceVersionDate "1996.11.15"]
[SourceQuality "1"]

1. e4 c5 2. Nf3 d6 3. d4 cxd4 4. Nxd4 Nf6 5. Nc3 a6 6. Be2 e5 7. Nb3 Be7 8. 0-0 0-0 9. Be3 Qc7 10. a4 b6 11. f3 Bb7 12. Qd2 Nc6 13. Nd5 Nxd5 14. exd5 Nb8 15. a5 b5 16. c4 bxc4 17. Rfc1 Nd7 18. Bxc4 Qd8 19. Qb4 Qb8 20. Ra4 Nf6 21. Qd2 Qd8 22. Rb4 Qd7 23. Qd3 Rfc8 24. Rc3 Bd8 25. Kf1 Rxc4 26. Rbxc4 Bxd5 27. Rh4 Qe6 28. Rb4 e4 29. fxe4 Bxe4 30. Qd4 Qg4 31. Qd2 Nd5 32. Rxe4 Qxe4 33. Rd3 Qc4 34. Kg1 Nxe3 35. Rxe3 Bg5 36. Qd3 Bxe3+ 37. Qxe3 g6 0-1

[Event "Czerniak Memorial 11th"]
[Site "Tel Aviv"]
[Date "1995.??.??"]
[Round "5"]
[White "Shabtai, Ran"]
[Black "Karpman, Vadim"]
[Result "1/2-1/2"]
[WhiteElo "2330"]
[BlackElo "2385"]
[PlyCount "22"]
[EventDate "1995.??.??"]
[EventType "tourn"]
[EventRounds "11"]
[EventCountry "ISR"]
[EventCategory "4"]
[SourceTitle "EXT 1997"]
[Source "ChessBase"]
[SourceDate "1996.11.15"]
[SourceVersion "1"]
[SourceVersionDate "1996.11.15"]
[SourceQuality "1"]

1. c4 Nf6 2. Nf3 b6 3. Nc3 Bb7 4. d4 e6 5. a3 d5 6. Bg5 Be7 7. Qa4+ c6 8. Bxf6 Bxf6 9. cxd5 exd5 10. g3 0-0 11. Bg2 Nd7 1/2-1/2

[Event "Giessen op"]
[Site "Giessen"]
[Date "1994.??.??"]
[Round "7"]
[White "Bandza, Algirdas S"]
[Black "Karpman, Vadim"]
[Result "1-0"]
[WhiteElo "2355"]
[BlackElo "2425"]
[PlyCount "57"]
[EventDate "1994.??.??"]
[EventType "swiss"]
[EventRounds "7"]
[EventCountry "GER"]
[SourceTitle "GER"]
[Source "ChessBase"]
[SourceDate "1999.07.01"]
[SourceVersion "1"]
[SourceVersionDate "1999.07.01"]
[SourceQuality "1"]

1. Nf3 Nf6 2. d3 d5 3. Nbd2 c5 4. e4 Nc6 5. g3 b6 6. Bg2 dxe4 7. dxe4 Ba6 8. e5 Nd5 9. e6 fxe6 10. c4 Ndb4 11. 0-0 g6 12. Ng5 Bh6 13. Nxe6 Qd6 14. Re1 Bc8 15. Bd5 Bxd2 16. Qxd2 Nxd5 17. cxd5 Nb4 18. Nc7+ Kd7 19. Nxa8 Nxd5 20. Qe2 Bb7 21. Qg4+ e6 22. Bf4 Qc6 23. Rad1 Ke7 24. Bg5+ Kf7 25. Qf3+ Kg7 26. Rxd5 Rxa8 27. Qf6+ Kg8 28. Bh6 Qc7 29. Qxe6+ 1-0

[Event "Giessen op"]
[Site "Giessen"]
[Date "1994.??.??"]
[Round "4"]
[White "Karpman, Vadim"]
[Black "Euler, Gerd"]
[Result "1-0"]
[WhiteElo "2425"]
[BlackElo "2325"]
[PlyCount "55"]
[EventDate "1994.??.??"]
[EventType "swiss"]
[EventRounds "7"]
[EventCountry "GER"]
[SourceTitle "GER"]
[Source "ChessBase"]
[SourceDate "1999.07.01"]
[SourceVersion "1"]
[SourceVersionDate "1999.07.01"]
[SourceQuality "1"]

1. d4 d5 2. c4 c6 3. Nc3 e6 4. e4 dxe4 5. Nxe4 Bb4+ 6. Bd2 Qxd4 7. Bxb4 Qxe4+ 8. Be2 Nd7 9. Nf3 c5 10. Bc3 Ne7 11. Qd2 0-0 12. 0-0-0 Ng6 13. g3 f6 14. h4 Nge5 15. Nxe5 Nxe5 16. h5 h6 17. Rh4 Qg2 18. Qe3 b5 19. cxb5 Bb7 20. Bxe5 fxe5 21. Qxe5 Bd5 22. Bc4 Rad8 23. Rg4 Rf7 24. Rg6 Qf3 25. Be2 Qxf2 26. Rxe6 Qg2 27. Bc4 Kh7 28. Bxd5 1-0

[Event "Belgrade IKO"]
[Site "Belgrade"]
[Date "1992.??.??"]
[Round "4"]
[White "Ilincic, Zlatko"]
[Black "Karpman, Vadim"]
[Result "1-0"]
[WhiteElo "2445"]
[BlackElo "2435"]
[PlyCount "89"]
[EventDate "1992.07.??"]
[EventType "tourn"]
[EventRounds "13"]
[EventCountry "YUG"]
[EventCategory "10"]
[SourceTitle "CBM 031"]
[Source "ChessBase"]
[SourceDate "1992.12.01"]
[SourceVersion "1"]
[SourceVersionDate "1992.12.01"]
[SourceQuality "1"]

1. d4 Nf6 2. c4 e6 3. Nc3 Bb4 4. f3 c5 5. d5 Bxc3+ 6. bxc3 d6 7. e4 e5 8. Bd3 Nbd7 9. Ne2 Nf8 10. Ng3 Ng6 11. Nf5 Bxf5 12. exf5 Nf4 13. Bxf4 exf4 14. Qd2 Nh5 15. g4 fxg3 16. hxg3 Nf6 17. Kf2 Kd7 18. Rhb1 Kc8 19. Qb2 Rb8 20. a4 Nd7 21. f4 g5 22. fxg6 hxg6 23. Rh1 a6 24. Kg2 Kc7 25. Rxh8 Qxh8 26. Rh1 Qf6 27. Qd2 Rg8 28. Rf1 Kb8 29. a5 Qd8 30. Re1 Ka7 31. Qb2 g5 32. Rb1 Qc7 33. Kf3 gxf4 34. gxf4 Qc8 35. Bf5 Ne5+ 36. Ke4 Nd7 37. Qb6+ Nxb6 38. axb6+ Kb8 39. Bxc8 Kxc8 40. Kf5 Kd7 41. Kf6 Rg4 42. f5 Rxc4 43. Re1 Rxc3 44. Re7+ Kc8 45. Kxf7 1-0

[Event "Belgrade IKO"]
[Site "Belgrade"]
[Date "1992.??.??"]
[Round "9"]
[White "Karpman, Vadim"]
[Black "Levin, Felix"]
[Result "0-1"]
[WhiteElo "2435"]
[BlackElo "2475"]
[PlyCount "86"]
[EventDate "1992.07.??"]
[EventType "tourn"]
[EventRounds "13"]
[EventCountry "YUG"]
[EventCategory "10"]
[SourceTitle "CBM 031"]
[Source "ChessBase"]
[SourceDate "1992.12.01"]
[SourceVersion "1"]
[SourceVersionDate "1992.12.01"]
[SourceQuality "1"]

1. d4 Nf6 2. c4 e6 3. Nc3 Bb4 4. e3 0-0 5. Bd3 c5 6. Nf3 d5 7. 0-0 dxc4 8. Bxc4 Nbd7 9. a3 cxd4 10. exd4 Bxc3 11. bxc3 Qc7 12. Qd3 b6 13. Ba2 Bb7 14. Bg5 Ne4 15. c4 Nxg5 16. Nxg5 Nf6 17. Qg3 Qxg3 18. hxg3 Rfd8 19. Rfd1 Rd7 20. Rd2 Rad8 21. Rad1 h6 22. Nh3 Ne4 23. Rd3 e5 24. d5 Nd6 25. Re3 e4 26. Nf4 Ba6 27. Rc1 Rc8 28. Rec3 Rdc7 29. Ne2 Bxc4 30. Nd4 Rc5 31. Bxc4 Rxc4 32. Nc6 Rxc3 33. Rxc3 Rc7 34. f3 h5 35. g4 exf3 36. gxf3 hxg4 37. fxg4 Ne4 38. Rd3 Nf6 39. Nb8 Rc8 40. Na6 Rd8 41. Nc7 Nxg4 42. d6 Ne5 43. Rd5 f6 0-1

[Event "Belavenets Memorial op"]
[Site "Smolensk"]
[Date "1991.??.??"]
[Round "?"]
[White "Ivanov, Vladimir Ivanovich"]
[Black "Karpman, Vadim"]
[Result "1/2-1/2"]
[WhiteElo "2220"]
[BlackElo "2445"]
[PlyCount "91"]
[EventDate "1991.??.??"]
[EventType "swiss"]
[EventRounds "9"]
[EventCountry "URS"]
[SourceTitle "EXT 2000"]
[Source "ChessBase"]
[SourceDate "1999.11.16"]
[SourceVersion "1"]
[SourceVersionDate "1999.11.16"]
[SourceQuality "1"]

1. e4 c5 2. Nf3 d6 3. Bb5+ Bd7 4. Bxd7+ Qxd7 5. c4 Nc6 6. Nc3 Ne5 7. d3 e6 8. 0-0 Ne7 9. Ne1 g6 10. f4 N5c6 11. Nf3 Bg7 12. Be3 f5 13. Re1 Nd4 14. Bxd4 cxd4 15. Nb5 0-0 16. Nbxd4 e5 17. fxe5 dxe5 18. Nc2 Nc6 19. Ne3 f4 20. Nd5 Kh8 21. b4 Nd8 22. Rc1 Ne6 23. Rc2 g5 24. h3 h5 25. d4 exd4 26. e5 b5 27. Nxd4 Nxd4 28. Qxh5+ Kg8 29. Rd2 f3 30. Re4 Ne2+ 31. Kf2 Qf7 32. Qxf7+ Rxf7 33. gxf3 Nf4 34. e6 Rb7 35. Nxf4 gxf4 36. Rxf4 Re8 37. Rd7 Rxd7 38. exd7 Rd8 39. cxb5 Rxd7 40. Ke2 Re7+ 41. Re4 Rc7 42. a4 Kf7 43. a5 Rc8 44. Kd3 Rc3+ 45. Ke2 Rc8 46. Kd3 1/2-1/2

[Event "UKR-chT"]
[Site "Simferopol"]
[Date "1991.??.??"]
[Round "?"]
[White "Karpman, Vadim"]
[Black "Balber, G."]
[Result "1-0"]
[WhiteElo "2475"]
[BlackElo "2330"]
[PlyCount "45"]
[EventDate "1991.??.??"]
[EventType "team"]
[EventRounds "11"]
[EventCountry "UKR"]
[SourceTitle "TD"]
[Source "ChessBase"]
[SourceDate "1994.03.01"]
[SourceVersion "1"]
[SourceVersionDate "1994.03.01"]
[SourceQuality "1"]

1. d4 Nf6 2. c4 g6 3. Nc3 Bg7 4. e4 d6 5. Be2 0-0 6. Nf3 e5 7. 0-0 Nc6 8. d5 Ne7 9. b4 Nd7 10. Ba3 f5 11. c5 Nf6 12. b5 fxe4 13. Nd2 e3 14. fxe3 Nf5 15. Nc4 Bh6 16. Bc1 e4 17. cxd6 cxd6 18. g4 Nh4 19. h3 Qe7 20. Ba3 Nf3+ 21. Bxf3 exf3 22. Bxd6 Bxe3+ 23. Kh1 1-0

[Event "UKR-chT"]
[Site "Simferopol"]
[Date "1991.??.??"]
[Round "?"]
[White "Karpman, Vadim"]
[Black "Golod, Vitali"]
[Result "1/2-1/2"]
[WhiteElo "2475"]
[BlackElo "2310"]
[PlyCount "30"]
[EventDate "1991.??.??"]
[EventType "team"]
[EventRounds "11"]
[EventCountry "UKR"]
[SourceTitle "EXT 1998"]
[Source "ChessBase"]
[SourceDate "1997.11.17"]
[SourceVersion "1"]
[SourceVersionDate "1997.11.17"]
[SourceQuality "1"]

1. d4 Nf6 2. c4 g6 3. Nc3 Bg7 4. e4 d6 5. Nf3 0-0 6. Be2 e5 7. 0-0 Nc6 8. d5 Ne7 9. b4 Nh5 10. c5 Nf4 11. Bxf4 exf4 12. Rc1 h6 13. Nd4 a6 14. a4 c6 15. Nb3 a5 1/2-1/2